Egypt then and now

محفوظ في:

المؤلف الرئيسي: Alaa El Din A.Fattah

التنسيق: كتاب

اللغة: Undetermined

منشور في: Cairo Alaa El Din A.Fattah Walter Lanxumam

الوسوم: إضافة وسم

لا توجد وسوم, كن أول من يضع وسما على هذه التسجيلة!

رقم الطلب: (P)DT60 .E375

LEADER 00317nam a2200121Ia 4500
008 240503s9999||||xx |||||||||||||| ||und||
050 4 |a (P)DT60 .E375 
100 1 |a Alaa El Din A.Fattah 
245 1 0 |a Egypt then and now 
264 1 |a Cairo  |b Alaa El Din A.Fattah Walter Lanxumam 
300 |a 47  |c 15 
942 |2 lcc  |c PT 
999 |c 58261  |d 58261